| 000 | 00568nam a2200157 a 4500 | ||
|---|---|---|---|
| 008 | 120416s0000 ||||||||||||||||| || u | ||
| 020 | _a0821318705 | ||
| 050 | _aIBRD(08)PRS | ||
| 100 | _aGelb, Alan H | ||
| 245 | 1 | 4 | _aThe transformation of economies in Central and Eastern Europe |
| 246 | _aissues, progress, and prospects | ||
| 260 |
_aWashington, D.C. _bWorld Bank _c1991 |
||
| 300 | _av, 74p. : ill. | ||
| 350 | _a0.00 | ||
| 995 |
_D0.00 _FCBU-MAIN LIBRARY (Kitwe) _H1 _I0.00 _UAVAILABLE _ZInternational Publications |
||
| 999 |
_c60291 _d60291 |
||